Представление документа в формате RUSMARC

ПолеНазваниеЗначение
  Тип записи a
  Библиографический уровень m
001 Контрольный номер RU/SLIB/B/208727352
005 Дата корректировки 20201206204012.0
010 Индекс ISBN __
d Цена 1-40
101 Язык документа __
a Язык текста rus
c Язык оригинала bol
200 Заглавие и сведения об ответственности __
a Заглавие Декабристы
f Первые сведения об ответственности Йосифова Б. ; пер. с болг. А. М. Коренькова ; предисл., ред. и примеч. В. А. Федорова
b Общее обозначение материала Текст
210 Выходные данные __
a Место издания М.
c Издательство Прогресс
d Дата издания 1983
215 Физическое описание __
a Объем 384 с., [8] л. фотоил.
606 Тематические рубрики __
a Основная рубрика История
y Географическая подрубрика Россия
606 Тематические рубрики __
a Основная рубрика Россия в XVIII в. - 1917 г.
610 Ключевые слова __
a Ключевые слова декабристы; восстания; политическая ссылка; поселения; площади; казни; персоналии; историческая литература; исторические факты; исторические деятели; исторические документы
686 Индексы других классификаций __
a Классификационный индекс 63.3(2)521; ст63.3(2)521
700 Автор _1
a Фамилия Йосифова
b Имя Б.
4 Код отношения 070
702 Вторичная интеллектуальная ответственность _1
a Фамилия Кореньков
b Имя А. М.
4 Код отношения Переводчик
702 Вторичная интеллектуальная ответственность _1
a Фамилия Федоров
b Имя В. А.
4 Код отношения Предисловие
801 Источник записи _0
a Страна RU
b Организация Муниципальное бюджетное учреждение культуры "Централизованная библиотечная система" г. Сургут (Центральная городская библиотека им. А. С. Пушкина)
g Правила каталогизации КиК/Уланова
801 Источник записи _1
a Страна RU
b Организация Муниципальное бюджетное учреждение культуры "Централизованная библиотечная система" г. Сургут (Центральная городская библиотека им. А. С. Пушкина)
g Правила каталогизации КиК/Уланова
852 Данные о местонахождении __
j Шифр хранения 63.3(2)521
c Каталожный индекс 63.3(2)521
i Авторский знак И 75
p Инвентарный номер 26980, 22779(п)
901 Тип документа __
t Тип документа m
990 Данные о заказе (DOS) __
j Количество экземпляров (DOS) 2